[Event "Neuquen Las Balsas op"]
[Site "Neuquen"]
[Date "2022.06.17"]
[Round "1"]
[White "Rodriguez Vila, Andres"]
[Black "Correa, Leonardo Aluhe"]
[Result "1-0"]
[WhiteElo "2450"]
[BlackElo "1792"]
[PlyCount "33"]
[EventDate "2022.06.17"]
[EventType "swiss"]
[EventRounds "7"]
[EventCountry "ARG"]
[SourceTitle "CBM 208 Extra"]
[Source "ChessBase"]
[SourceDate "2022.07.31"]
[SourceVersion "1"]
[SourceVersionDate "2022.07.31"]
[SourceQuality "1"]

1. d4 Nf6 2. Nc3 c5 3. d5 e5 4. e4 g6 5. d6 a6 6. Bg5 Bg7 7. Nd5 0-0 8. Qf3 Qa5+ 9. b4 cxb4 10. Nxf6+ Bxf6 11. Qxf6 b3+ 12. Bd2 b2 13. Rd1 Qb6 14. Bh6 Qb4+ 15. c3 Qxc3+ 16. Ke2 Qc2+ 17. Kf3 1-0

[Event "Santa Rosa op 4th"]
[Site "Santa Rosa"]
[Date "2019.07.06"]
[Round "1.3"]
[White "Quiroga, Facundo"]
[Black "Correa, Leonardo Aluhe"]
[Result "1-0"]
[WhiteElo "2290"]
[BlackElo "1771"]
[PlyCount "61"]
[EventDate "2019.07.06"]
[EventType "swiss"]
[EventRounds "6"]
[EventCountry "ARG"]
[SourceTitle "EXT 2024"]
[Source "ChessBase"]
[SourceDate "2023.10.10"]
[SourceVersion "1"]
[SourceVersionDate "2023.10.10"]
[SourceQuality "1"]

1. d4 Nf6 2. c4 g6 3. Nc3 Bg7 4. e4 d6 5. Nf3 0-0 6. Be2 e5 7. 0-0 Nc6 8. d5 Ne7 9. Ne1 Nd7 10. Nd3 f5 11. Bd2 Nf6 12. f3 f4 13. c5 g5 14. Rc1 Ng6 15. cxd6 cxd6 16. Nb5 Rf7 17. Qc2 Ne8 18. a4 h5 19. Nf2 a6 20. Na3 Nf6 21. h3 Bf8 22. Qb3 g4 23. fxg4 hxg4 24. hxg4 Rg7 25. Rc2 Nh4 26. Be1 Nxg2 27. Kxg2 Nxg4 28. Nxg4 Bxg4 29. Bxg4 Rxg4+ 30. Kh1 Qg5 31. Qh3 1-0

[Event "Rio Negro IRT"]
[Site "Rio Negro"]
[Date "2018.08.??"]
[Round "5.4"]
[White "Tugnarelli, Julio"]
[Black "Correa, Leonardo Aluhe"]
[Result "0-1"]
[WhiteElo "2117"]
[BlackElo "1729"]
[PlyCount "60"]
[EventDate "2018.08.17"]
[EventType "tourn"]
[EventRounds "6"]
[EventCountry "ARG"]
[SourceTitle "EXT 2024"]
[Source "ChessBase"]
[SourceDate "2023.10.10"]
[SourceVersion "1"]
[SourceVersionDate "2023.10.10"]
[SourceQuality "1"]

1. d4 Nf6 2. c4 g6 3. Nc3 Bg7 4. e4 d6 5. Nf3 0-0 6. Be2 e5 7. d5 a5 8. 0-0 Na6 9. Ne1 Nc5 10. f3 Nfd7 11. Be3 f5 12. a3 a4 13. Nd3 b6 14. Qc2 Nf6 15. Nxc5 bxc5 16. Bd3 f4 17. Bf2 Bd7 18. Rfb1 g5 19. Kf1 g4 20. b4 axb3 21. Qxb3 g3 22. hxg3 fxg3 23. Bxg3 Nh5 24. Bf2 Qg5 25. Ne2 Bh3 26. gxh3 Rxf3 27. Ng1 Rxf2+ 28. Kxf2 Rf8+ 29. Ke1 Qxg1+ 30. Kd2 Bh6+ 0-1